| 000 | 00866nam a2200253 a 4500 | ||
|---|---|---|---|
| 001 | 2012139 | ||
| 003 | AM-YeHGA | ||
| 005 | 20250617165038.0 | ||
| 008 | 250325n ir ab|||r|||||00||0|per|d | ||
| 040 | _aAM-YeHGA | ||
| 041 | 1 |
_aper _heng |
|
| 100 | 1 | _aدیوید مارشال ،لانگ | |
| 245 | 1 | 0 |
_aارمنیان / _c.دیوید مارشال لانگ، کریستوفر ج . واکر ؛ ترجمه ا. گرمانیک |
| 250 | _aچاپ اول | ||
| 260 |
_aتهران : _bچاپ ندا, _cS. a. |
||
| 300 |
_a36 p. ; _bphotos, maps |
||
| 440 | _amrg | ||
| 500 | _aگزارشی موثق و جامع " گاردین " | ||
| 650 | 1 | 4 | _aArmenian history |
| 700 | 1 |
_aکریستوفر ج . واکر _4aut |
|
| 700 | 0 |
_aادیک،گرمانیک _q(ادیک باغداساریان) _4aui |
|
| 942 |
_2udc _cBK |
||
| 090 | _c573230 | ||
| 999 |
_c533799 _d533799 |
||